Dzień w historii – wrzesień - Statystyki

Ogólne statystyki
  • Ten quiz został rozwiązany 1 994 razy
  • Średni wynik to 14 z 30
Statystyki odpowiedzi
Data Rok Wskazówka Odpowiedź % Poprawnych
8 wrz 2022 Ta najdłużej panująca w historii swojegokraju królowa umiera w wieku 96 lat Elżbieta II
87%
11 wrz 2001 Zostaje przeprowadzony zamachz udziałem samolotu w tym mieście Nowy Jork
84%
17 wrz 1939 Państwo, które napada na Polskę od wschodu Związek Radziecki
82%
5 wrz 1666 Koniec wielkiego pożaru tego angielskiego miasta Londyn
77%
14 wrz 1309 Zamek w tym mieście zostaje siedzibąwielkiego mistrza zakonu krzyżackiego Malbork
76%
2 wrz 1945 Ho Chi Minh ogłasza niepodległość tego państwa Wietnam
73%
10 wrz 1977 Ostatnia w historii Francji egzekucja, którąprzeprowadzono tym przyrządem kojarzonym z tym krajem Gilotyna
70%
21 wrz 1937 Wydana zostaje ta oto powieść J.R.R. Tolkiena Hobbit, czyli tam i z powrotem
68%
22 wrz 1980 Rozpoczyna się trwająca 8 lat wojnapomiędzy Irakiem, a tym państwem Iran
68%
19 wrz 1893 Nowa Zelandia jako pierwszy kraj świataprzyznaje prawa wyborcze tej grupie ludzi Kobiety
64%
1 wrz 1939 Niemiecki pancernik, który ostrzałemWesterplatte rozpoczyna II wojnę światową Schleswig-Holstein
61%
24 wrz 1957 W tym mieście otwarto stadion piłkarskiCamp Nou, na którym lokalna drużyna pokonuje w inauguracyjnym meczu Polskę Barcelona
60%
7 wrz 1989 Rozwiązana zostaje ta PRL-owskaformacja tłumiąca masowe protesty Zmotoryzowane OdwodyMilicji Obywatelskiej
60%
3 wrz 301 Na górze Monte Titano zostaje utworzonanajstarsza według legend republika świata San Marino
46%
30 wrz 1941 Wojska hitlerowskie rozpoczynają trwającyponad 3 miesiące szturm na to sowieckie miasto Moskwa
41%
28 wrz 1928 Alexander Fleming odkrywa ten oto rodzaj antybiotyku Penicylina
41%
26 wrz 2001 Uruchomiona zostaje polskojęzyczna wersjatej znanej strony internetowej Wikipedia
39%
20 wrz 1187 Saladyn rozpoczyna oblężenie tegomiasta, zajmując je 2 tygodnie później Jerozolima
37%
12 wrz 1968 Kraj ten występuje z Układu Warszawskiego Albania
35%
18 wrz 2014 Kraj, którego mieszkańcy głosująw referendum przeciwko niepodległości Szkocja
35%
4 wrz 1997 W TVP1 wyemitowany zostaje pierwszyodcinek tego teleturnieju Jaka to melodia?
34%
29 wrz 1938 W tym mieście podpisany zostaje układzezwalający III Rzeszy na aneksję części Czechosłowacji Monachium
31%
27 wrz 1996 Kabul zostaje zdobyty przez to islamistyczne ugrupowanie Talibowie
29%
13 wrz 1637 Cecylia Renata Habsburżanka, żonatego polskiego króla, zostaje koronowana na królową Polski Władysław IV Waza
29%
23 wrz 1492 Zostaje tego dnia koronowany na króla Polski Jan I Olbracht
22%
25 wrz 1513 Vasco Núñez de Balboa przechodząc przezten przesmyk lądowy staje się pierwszym Europejczykiem, który ujrzał Pacyfik Przesmyk Panamski
21%
16 wrz 1877 Wieś, w której ma miejsce ostatnieobjawienie Matki Boskiej na terenie Polski Gietrzwałd
18%
6 wrz 1901 Prezydent USA zamordowany przez Leona Czolgosza William McKinley
14%
9 wrz 1909 Otwarte w tym mieście zostaje molobędące końcem historycznej Route 66 Santa Monica
13%
15 wrz 1947 Okolice tego miasta w Europie stają się wolnym miastem Triest
11%
Nie znaleziono quizów pasujących do podanych kryteriów
Rozkład punktacji
Procent ludzi z każdym wynikiem
Percentyl według liczby udzielonych odpowiedzi
Twoja historia wyników
Nie rozwiązałeś tego quizu